00297nam a2200121Ia 4500008004100000041000900041082001900050100001900069245002900088260004200117300000800159650000800167230718s9999 xx 000 0 und d aEng. a340.092bSHO-T ashoukat mehmod 4athe negatable instrument aPakistanblegal research centerc2018 a626 aLaw